000 00348nam a22001457a 4500
008 250716b |||||||| |||| 00| 0 eng d
020 _a9789390438082
050 _aSF61
_b.S56
100 _aSingh Saurav
245 _aAnimal reproduction
260 _aNew Delhi
_bBio-green books
_c2021
300 _avi, 256p.
650 _aLivestock
942 _cBK
999 _c4344
_d4344